ACCOUNTING STANDARDS AND CORPORATE ACCOUNTING PRACTICES (Record no. 9227)
[ view plain ]
| 000 -LEADER | |
|---|---|
| fixed length control field | 00718nam a22001697a 4500 |
| 003 - CONTROL NUMBER IDENTIFIER | |
| control field | SGT |
| 020 ## - INTERNATIONAL STANDARD BOOK NUMBER | |
| International Standard Book Number | 9788171949564 |
| 082 ## - DEWEY DECIMAL CLASSIFICATION NUMBER | |
| Classification number | 657.021854,GHO |
| 100 ## - MAIN ENTRY--PERSONAL NAME | |
| Personal name | GHOSH,T.P |
| 245 ## - TITLE STATEMENT | |
| Title | ACCOUNTING STANDARDS AND CORPORATE ACCOUNTING PRACTICES |
| 250 ## - EDITION STATEMENT | |
| Edition statement | 9TH |
| 260 ## - PUBLICATION, DISTRIBUTION, ETC. (IMPRINT) | |
| Place of publication, distribution, etc | NEW DELHI |
| Name of publisher, distributor, etc | TAXMANN |
| Year of Publication | 2011 |
| 300 ## - PAGE DESCRIPTION | |
| No. of Pages | 1532 |
| 650 ## - SUBJECT ADDED ENTRY--TOPICAL TERM | |
| Topical term or geographic name as entry element | ACCOUNTING |
| 653 ## - KEYWORDS--INDEX TERM | |
| Keyword term | FINANCIAL REPORTING FRAMEWORK, GLOBAL CONVERGENCE OF FINANCIAL REPORTING STANDERS, ACCOUNTING STANDARDS IN INDIA: AN OVERVIEW, PROFIT AND LOSS STATEMENT, PRESENTATION OF BALANCE SHEET, CURRENT NON-CURRENT CLASSIFICATION, STATEMENT OF CASE FLOWS, EARNINGS PER SHARE, INTERIM FINANCIAL REPORTING, SEGMENT REPORTING, DISCONTINUING OPERATIONS, |
| 942 ## - ADDED ENTRY ELEMENTS (KOHA) | |
| Source of classification or shelving scheme | Dewey Decimal Classification |
| Koha item type | FCM Books |
| Withdrawn status | Lost status | Source of classification or shelving scheme | Damaged status | Not for loan | Collection code | Home library | Current library | Shelving location | Date acquired | Vendor Name | Cost, normal purchase price | Volume Information (Serial or Books or Non-Book Material) | SGTU | Bill Number | Total Checkouts | Full call number | Accession No. (Barcode) | Date last seen | Date last borrowed | Bill Date | Koha item type |
|---|---|---|---|---|---|---|---|---|---|---|---|---|---|---|---|---|---|---|---|---|---|
| Dewey Decimal Classification | COMMERCE MANAGEMENT | SGT Science & Social Sciences Library | SGT Science & Social Sciences Library | On Display | 24/06/2016 | IBH | 1878.00 | 1 | SGTU | 9690 | 3 | 657.021854,GHO | CM67 | 24/05/2018 | 26/04/2018 | 31/08/2013 | FCM Books | ||||
| Dewey Decimal Classification | COMMERCE MANAGEMENT | SGT Science & Social Sciences Library | SGT Science & Social Sciences Library | On Display | 24/06/2016 | IBH | 1878.00 | 1 | SGTU | 9690 | 2 | 657.021854,GHO | CM68 | 02/07/2018 | 31/03/2018 | 31/08/2013 | FCM Books |